00511nam a2200157Ia 4500008004100000041001200041082001100053100001700064245007900081260000600160650000600166700001600172942000700188999001700195952014100212221030s9999 xx 000 0 und d aEnglish a105.23 aS. K. Bajpai 0aIntroduction to Computers and C- Programmingcby S. K. Bajpai, D. S. Yadav c0 aB aD. S. Yadav cBK c13779d13779 pB 5459l0o105.23 r2022-10-30 00:00:00w2022-10-30yBK003Print4070aMIETLIBbMIETLIBcBL-, FL-, CUP-0, SH-0, R-0d2012-07-3010HBE